000 00541cam a2200169 4500500
005 20260405002820.0
041 _afre
042 _adc
100 1 0 _aLevine, Emmanuel
_eauthor
245 0 0 _aLa viande : toujours moins mais toujours aussi bonne
260 _c2018.
500 _a1
690 _aClaude Lévi-Strauss
690 _aViande
786 0 _nPhilosophie magazine | 123 | 10 | 2018-10-01 | p. 5-5 | 1951-1787
856 4 1 _uhttps://shs.cairn.info/magazine-philosophie-magazine-2018-10-page-5?lang=fr&redirect-ssocas=7080
999 _c2061402
_d2061402